00892naa#a2200181#i#4500001001500000005001700015100004100032102000700073200020100080210016900281215001000450608006000460675006200520700002400582700002800606700005800634856001800692RU\\bibl\2030020260702012920.4##a20260630b2026####ek#y0rusy0150####ca##aRU1#aРАЗРАБОТКА СИСТЕМЫ АНАЛИЗА НАДЁЖНОСТИ ЛОГИЧЕСКОГО КОМБИНАЦИОННОГО УСТРОЙСТВАeСтатья/тезисы конференции1#aВоронежcВоронежский государственный лесотехнический университет имени Г.Ф. Морозоваd2026##a3 с.##aСтатья/тезисы конференции2local##aКонтроль неисправностей. 004.052.32#1aБычукgЛ. С.#1aАвиловаgО. А.#1aЯгодкинgАлександр Сергеевич4#abibl.vgltu.ru